000 00304nam a22001337a 4500
008 181101b xxu||||| |||| 00| 0 eng d
020 _a9780803623545
041 _aeng
080 _22nd
_a610.73
100 _a2
101 _aINF
245 _aFundamentals of Nursing
_cWilkinson,J.M
942 _2udc
_cBK
999 _c51403
_d51403